Baby Girl Names 2017 - England & Wales - Statistics

General Stats
  • This quiz has been taken 142 times
  • The average score is 60 of 100
Answer Stats
Answer % Correct
Elizabeth
95%
Olivia
95%
Amelia
91%
Amelie
91%
Anna
91%
Isabella
91%
Isabelle
91%
Ella
90%
Emilia
90%
Ellie
89%
Annabelle
88%
Eliza
88%
Emily
88%
Emma
88%
Grace
87%
Gracie
87%
Charlotte
85%
Sara
85%
Lilly
84%
Lily
84%
Ava
83%
Evie
83%
Hannah
83%
Chloe
82%
Mia
81%
Rose
81%
Rosie
81%
Sofia
81%
Sophia
81%
Sophie
81%
Evelyn
79%
Eva
76%
Jessica
76%
Maisie
76%
Isla
75%
Lucy
74%
Victoria
72%
Ivy
70%
Alice
68%
Julia
67%
Maria
67%
Arabella
66%
Daisy
66%
Poppy
66%
Violet
66%
Abigail
65%
Bella
62%
Florence
60%
Layla
59%
Ruby
58%
Freya
57%
Jasmine
57%
Molly
57%
Clara
56%
Eleanor
56%
Leah
56%
Aria
55%
Elsie
55%
Georgia
55%
Harper
55%
Penelope
55%
Willow
55%
Lola
53%
Zara
53%
Scarlett
52%
Holly
51%
Mila
50%
Millie
50%
Sienna
50%
Maya
49%
Megan
49%
Iris
47%
Phoebe
47%
Amber
44%
Imogen
44%
Erin
43%
Francesca
42%
Luna
42%
Nancy
41%
Summer
40%
Darcey
35%
Darcie
35%
Darcy
35%
Esme
34%
Harriet
34%
Bonnie
33%
Lyla
33%
Heidi
31%
Martha
31%
Matilda
30%
Orla
30%
Lottie
28%
Maryam
28%
Aurora
27%
Edith
27%
Beatrice
24%
Thea
24%
Hallie
23%
Robyn
14%
Aisha
10%
No matching quizzes found
Score Distribution
Percent of People with Each Score
Percentile by Number Answered
Your Score History
You have not taken this quiz